| 000 | 01046cam a2200313 i 4500 | ||
|---|---|---|---|
| 001 | 13929847 | ||
| 003 | EG-ScBUE | ||
| 005 | 20260405120828.0 | ||
| 008 | 050414t2021 nyua f b 001 0 eng d | ||
| 020 | _a9781506265605 | ||
| 035 | _a13929847 | ||
| 040 |
_aDLC _beng _erda _cDLC _dDLC _dEG-ScBUE |
||
| 082 | 0 | 4 |
_a746.920681 _222 _bGEH |
| 100 | 1 |
_aGehlhar, Mary, _eauthor. |
|
| 245 | 1 | 4 |
_aThe fashion designer survival guide : _bstart and run your own fashion business / _cMary Gehlhar ; foreword by Christian Siriano. |
| 264 | 1 |
_aNew York : _bKaplan, Inc., _c[2021] |
|
| 264 | 4 | _cc2021 | |
| 300 |
_axiv, 265 pages : _billustrations ; _c28 cm |
||
| 336 |
_atext _btxt _2rdacontent |
||
| 337 |
_aunmediated _bn _2rdamedia |
||
| 338 |
_avolume _bnc _2rdacarrier |
||
| 504 | _aIncludes bibliographical references and index. | ||
| 650 | 7 |
_aFashion merchandising. _2BUEsh |
|
| 650 | 7 |
_aNew business enterprises _xManagement. _2BUEsh |
|
| 650 | 7 |
_aFashion designers. _2BUEsh |
|
| 653 |
_cApril2026 _bART |
||
| 655 | _vReading book | ||
| 942 |
_2ddc _cBB |
||
| 999 |
_c31161 _d31132 |
||